000 00506cam a2200145K 4500
082 0 4 _a630
_bWEB
100 1 _aWebb, Henry J
_950211
245 1 0 _aElementary agriculture
_cby James S. Grim.
260 _aBoston,
_aNew York [etc.]
_bAllyn and Bacon
_c[c1916]
300 _a1 online resource (xvi p., 1 l., 490, 12 p.)
_bfront., illus.
526 _a0
_b0
_c0
_d630_000000000000000_WEB
650 0 _aAgriculture.
_925855
856 4 0 _uhttp://catalog.hathitrust.org/api/volumes/oclc/4998581.html
942 _2ddc
_cBK
999 _c552933
_d552933